000 00589nab a2200193 a 4500
001 57625
003 128947
005 20201118103336.0
008 ||||||n9999 ||| || ||
041 _aspa
245 0 _aHacia un nuevo enfoque de la integracion regional
260 _aBogotá :
_bBanco Interamericano de Integracion Economica,
_c1996.
300 _app.1-25
562 _e0
650 _aAMERICA CENTRAL Y EL CARIBE
650 _aINTEGRACION REGIONAL INTERNACIONAL
773 _041302
_aRevista de la Integracion y el Desarrollo de Centroamerica - No.50
942 _cSART
999 _c57625
_d57625